[Event "XXXI Moglianoscacchi B"]
[Site "Mogliano Veneto ITA"]
[Date "2010.04.30"]
[Round "1"]
[White "Mihalcea, Vasile"]
[Black "Spano, Alfredo"]
[Result "0-1"]
[WhiteElo "1751"]
[BlackElo "1887"]
[PlyCount "102"]
[EventDate "2010.04.30"]

1. d4 f5 2. c4 Nf6 3. Nc3 g6 4. Qc2 Bg7 5. Bf4 d6 6. O-O-O O-O 7. e3 a5 8. Bd3
Na6 9. a3 Nh5 10. Nge2 Qe8 11. h3 e5 12. Bh2 e4 13. Nxe4 fxe4 14. Bxe4 Nf6 15.
Nc3 Nxe4 16. Qxe4 Qxe4 17. Nxe4 Be6 18. d5 Bd7 19. f3 Bh6 20. Rhe1 Rae8 21. g4
Rxf3 22. g5 Rxe4 23. gxh6 Rxc4+ 24. Kb1 Bf5+ 25. Ka1 Nc5 26. Re2 Nb3+ 27. Ka2
Nc1+ 28. Rxc1 Rxc1 29. Bf4 Rc2 30. Rxc2 Bxc2 31. h4 a4 32. b3 Bxb3+ 33. Kb2
Rxf4 34. exf4 Bxd5 35. Kc3 c5 36. Kd3 b5 37. Kc3 Kf7 38. Kd3 Kf6 39. Ke3 Kf5
40. Kf2 Kxf4 41. Kg1 c4 42. Kh2 Kg4 43. h5 Kxh5 44. Kh3 c3 45. Kg3 c2 46. Kf2
c1=Q 47. Ke2 Qc3 48. Kf2 Kg4 49. Kg1 Qb2 50. Kf1 Kf3 51. Kg1 Qg2# 0-1

[Event "XXXI Moglianoscacchi B"]
[Site "Mogliano Veneto ITA"]
[Date "2010.04.30"]
[Round "1"]
[White "Niespoli, Carlo"]
[Black "Chiesa, Roberto"]
[Result "1/2-1/2"]
[WhiteElo "1615"]
[BlackElo "1803"]
[PlyCount "51"]
[EventDate "2010.04.30"]

1. e4 e6 2. d4 d5 3. Nd2 Nf6 4. e5 Nfd7 5. Bd3 c5 6. c3 Nc6 7. Ndf3 cxd4 8.
cxd4 f6 9. exf6 Nxf6 10. Ne2 Bd6 11. O-O Qc7 12. Ng3 O-O 13. Re1 Bd7 14. Bd2
Rae8 15. Rc1 Qb8 16. Bc3 Re7 17. Ne5 Be8 18. Bb1 Bxe5 19. dxe5 Nd7 20. Re2
Ndxe5 21. Qe1 d4 22. Bxd4 Nxd4 23. Rxe5 Ref7 24. Qe4 Nf5 25. Nxf5 exf5 26. Qe2
1/2-1/2

[Event "XXXI Moglianoscacchi B"]
[Site "Mogliano Veneto ITA"]
[Date "2010.04.30"]
[Round "1"]
[White "Pelyushenko, Vladyslav"]
[Black "Velluti, Alberto"]
[Result "0-1"]
[WhiteElo "1791"]
[BlackElo "1932"]
[PlyCount "90"]
[EventDate "2010.04.30"]

1. d4 Nf6 2. Nf3 d6 3. c4 g6 4. Nc3 Bg7 5. e4 O-O 6. Be2 e5 7. O-O Nc6 8. d5
Ne7 9. h3 Ne8 10. Be3 f5 11. b4 f4 12. Bd2 Rf7 13. c5 Bf8 14. Ng5 Rf6 15. Bg4
Ng7 16. Rc1 h6 17. cxd6 cxd6 18. Bxc8 Rxc8 19. Nf3 g5 20. Qb3 Kh7 21. a4 Qd7
22. Nh2 h5 23. Nb5 a6 24. Rxc8 Nxc8 25. Na3 g4 26. b5 Rg6 27. Kh1 Ne8 28. Rc1
g3 29. Nf1 gxf2 30. Qf3 Nf6 31. bxa6 bxa6 32. Ba5 Kg8 33. Rc4 Ng4 34. hxg4 hxg4
35. Qxf2 g3 36. Nxg3 Rxg3 37. Rc7 Qxa4 38. Nc4 Ne7 39. Qd2 Ng6 40. Qe2 Nh4 41.
Be1 Qa1 42. Qf2 Nxg2 43. Nb2 Qxe1+ 44. Qxe1 Nxe1 45. Ra7 Nf3 0-1

[Event "XXXI Moglianoscacchi B"]
[Site "Mogliano Veneto ITA"]
[Date "2010.04.30"]
[Round "1"]
[White "Pisani, Valerio"]
[Black "Reginato, Mauro"]
[Result "1-0"]
[WhiteElo "1777"]
[BlackElo "1904"]
[PlyCount "92"]
[EventDate "2010.04.30"]

1. e4 e5 2. Nf3 Nc6 3. d4 exd4 4. Nxd4 Qh4 5. Nf3 Qxe4+ 6. Be3 Nb4 7. Na3 Bc5
8. Qd2 Nf6 9. Bd3 Bxe3 10. fxe3 Qe7 11. O-O Nxd3 12. cxd3 O-O 13. e4 c5 14. e5
Ne8 15. Nb5 a6 16. Nc3 d6 17. Rae1 Be6 18. Qf4 d5 19. Qg3 Rc8 20. Rf2 b5 21.
Ne2 f6 22. Nf4 Rc6 23. exf6 Qxf6 24. Ne5 Rb6 25. Nh3 Qe7 26. Rfe2 Bxh3 27. Qxh3
Rh6 28. Qg3 Qf6 29. Nd7 Qd4+ 30. Kh1 Rg6 31. Rxe8 Rxe8 32. Rxe8+ Kf7 33. Qe3
Qxe3 34. Rxe3 Rd6 35. Nxc5 d4 36. Re2 a5 37. Kg1 a4 38. Ne4 Rc6 39. Kf2 b4 40.
Ke1 Kg6 41. Kd1 b3 42. axb3 axb3 43. Nd2 Rb6 44. Nf3 Ra6 45. Nxd4 Ra1+ 46. Kd2
Rb1 1-0

[Event "XXXI Moglianoscacchi B"]
[Site "Mogliano Veneto ITA"]
[Date "2010.04.30"]
[Round "1"]
[White "Pompili, Alberto"]
[Black "Viviani, Bruno"]
[Result "1/2-1/2"]
[WhiteElo "1849"]
[BlackElo "1698"]
[PlyCount "48"]
[EventDate "2010.04.30"]

1. d4 Nf6 2. Nf3 d5 3. e3 g6 4. Be2 Bg7 5. Nbd2 O-O 6. O-O Nbd7 7. c3 c5 8. Qc2
Qc7 9. Re1 cxd4 10. exd4 Nb6 11. Ne5 Bf5 12. Bd3 Bxd3 13. Qxd3 Nfd7 14. Ndf3
Nxe5 15. Nxe5 Nc4 16. Nxc4 dxc4 17. Qe4 Rfe8 18. Bf4 Qd7 19. Re2 b5 20. Rae1 e6
21. h3 Rad8 22. Qf3 Qd5 23. Qg3 Qc6 24. Be5 a6 1/2-1/2

[Event "XXXI Moglianoscacchi B"]
[Site "Mogliano Veneto ITA"]
[Date "2010.04.30"]
[Round "1"]
[White "Rossi, Gianni"]
[Black "Reginato, Lino"]
[Result "1-0"]
[WhiteElo "1886"]
[BlackElo "1748"]
[PlyCount "38"]
[EventDate "2010.04.30"]

1. d4 d5 2. e4 dxe4 3. Nc3 Nf6 4. f3 Bf5 5. fxe4 Nxe4 6. Qf3 Nxc3 7. bxc3 Qc8
8. Bc4 e6 9. Nh3 Nd7 10. O-O c5 11. Bd3 cxd4 12. Bxf5 exf5 13. Qxf5 Nf6 14.
Re1+ Be7 15. Qg5 Qxc3 16. Bd2 Qc4 17. Qxg7 Kd7 18. Rxe7+ Kxe7 19. Re1+ Ne4 1-0

[Event "XXXI Moglianoscacchi B"]
[Site "Mogliano Veneto ITA"]
[Date "2010.04.30"]
[Round "1"]
[White "Sotter-Klundt, Gerlinde"]
[Black "Cuppone, Fiorinto"]
[Result "1/2-1/2"]
[WhiteElo "1813"]
[BlackElo "1619"]
[PlyCount "52"]
[EventDate "2010.04.30"]

1. d4 Nf6 2. Nf3 c5 3. d5 d6 4. c4 g6 5. Nc3 Bg7 6. e4 O-O 7. Qc2 e6 8. Be2
exd5 9. cxd5 Bg4 10. O-O Re8 11. h3 Bxf3 12. Bxf3 Nbd7 13. Bf4 Ne5 14. Be2 a6
15. a4 Qc7 16. Rac1 b6 17. b3 Qb7 18. Rcd1 Re7 19. Bxe5 Rxe5 20. Qd3 Ree8 21.
Bf3 Qe7 22. Rfe1 Nd7 23. Qe3 Bd4 24. Qd2 Qf6 25. Ne2 Be5 26. Bg4 Qe7 1/2-1/2

[Event "XXXI Moglianoscacchi B"]
[Site "Mogliano Veneto ITA"]
[Date "2010.04.30"]
[Round "1"]
[White "Stefan, Marco"]
[Black "Gennari, Jacopo"]
[Result "1/2-1/2"]
[WhiteElo "1862"]
[BlackElo "1724"]
[PlyCount "32"]
[EventDate "2010.04.30"]

1. e4 d5 2. exd5 Qxd5 3. Nc3 Qd6 4. d4 Nf6 5. Nf3 Bg4 6. Be2 Nc6 7. Be3 g6 8.
O-O Bg7 9. d5 Bxf3 10. Bxf3 Ne5 11. Re1 Nxf3+ 12. Qxf3 a6 13. Bf4 Qd7 14. Qe2
h6 15. Rad1 Nh5 16. Be5 f6 1/2-1/2

[Event "XXXI Moglianoscacchi B"]
[Site "Mogliano Veneto ITA"]
[Date "2010.04.30"]
[Round "1"]
[White "Zamengo, Fulvio"]
[Black "Baybusinov, Izat"]
[Result "1-0"]
[WhiteElo "1907"]
[BlackElo "1777"]
[PlyCount "67"]
[EventDate "2010.04.30"]

1. e4 e6 2. d4 d5 3. Nd2 Nf6 4. e5 Nfd7 5. c3 b6 6. f4 c5 7. Ndf3 Be7 8. Bd3
Ba6 9. Ne2 Bxd3 10. Qxd3 O-O 11. O-O f5 12. Ng5 Bxg5 13. fxg5 Nc6 14. Be3 c4
15. Qd1 Ne7 16. Nf4 Qb8 17. Nxe6 Nxe5 18. Nxf8 Ng4 19. Bf4 Qxf8 20. h3 Nf6 21.
gxf6 Qxf6 22. Qd2 Ng6 23. Rae1 Rf8 24. Qe2 Qh4 25. Qe6+ Kh8 26. Bd6 Rd8 27. Be7
Nxe7 28. Qxe7 Qxe7 29. Rxe7 Rf8 30. Rfe1 Kg8 31. Rxa7 h5 32. Ree7 Rf6 33. Rxg7+
Kf8 34. Rgb7 1-0

[Event "XXXI Moglianoscacchi B"]
[Site "Mogliano Veneto ITA"]
[Date "2010.05.01"]
[Round "2"]
[White "Alfier, Cecilia"]
[Black "Buzzatti, Francesco"]
[Result "0-1"]
[WhiteElo "1734"]
[BlackElo "1900"]
[PlyCount "54"]
[EventDate "2010.04.30"]

1. e4 g6 2. d4 Bg7 3. Nc3 d6 4. Be3 Nf6 5. f3 O-O 6. Qd2 Nbd7 7. O-O-O a6 8. e5
Ne8 9. Bh6 c5 10. Bxg7 Kxg7 11. Bc4 cxd4 12. Qxd4 dxe5 13. Qh4 Nef6 14. g4 b5
15. Bd5 Rb8 16. Nh3 Qb6 17. Ne4 Bb7 18. Bxb7 Rxb7 19. Nxf6 Nxf6 20. Rhe1 Rc8
21. Rxe5 Qc7 22. Re2 Qc4 23. Qe1 Qxa2 24. c3 b4 25. Rxe7 Rxe7 26. Qxe7 bxc3 27.
Qb7 cxb2+ 0-1

[Event "XXXI Moglianoscacchi B"]
[Site "Mogliano Veneto ITA"]
[Date "2010.05.01"]
[Round "2"]
[White "Baybusinov, Izat"]
[Black "Franciosi, Claudio"]
[Result "0-1"]
[WhiteElo "1777"]
[BlackElo "1697"]
[PlyCount "90"]
[EventDate "2010.04.30"]

1. e4 e5 2. Nf3 Nc6 3. Bb5 a6 4. Ba4 Nf6 5. O-O b5 6. Bb3 Be7 7. a4 Bb7 8. c3
Nxe4 9. Re1 Nc5 10. Nxe5 Nxe5 11. Rxe5 Nxb3 12. Qxb3 d6 13. Re3 c6 14. d4 O-O
15. Rg3 Bh4 16. Rf3 Rc8 17. Be3 Qe7 18. Qd1 Rfe8 19. Na3 c5 20. d5 b4 21. cxb4
cxb4 22. Nc2 a5 23. Nd4 Bf6 24. Nf5 Qe5 25. Bd4 Qxd5 26. Bxf6 Qxd1+ 27. Rxd1
Bxf3 28. gxf3 gxf6 29. Nxd6 Red8 30. Rd4 Rc2 31. Rg4+ Kf8 32. Nc4 Rd5 33. Ne3
Rc1+ 34. Kg2 Rg5 35. f4 Rxg4+ 36. Nxg4 Rc2 37. Nxf6 Kg7 38. Nh5+ Kg6 39. Ng3
Rxb2 40. Kf3 Ra2 41. Kg4 b3 42. f5+ Kg7 43. Ne4 Rxa4 44. Kf3 Rxe4 45. Kxe4 b2
0-1

[Event "XXXI Moglianoscacchi B"]
[Site "Mogliano Veneto ITA"]
[Date "2010.05.01"]
[Round "2"]
[White "Bonan, Yves"]
[Black "Rossi, Gianni"]
[Result "1/2-1/2"]
[WhiteElo "1859"]
[BlackElo "1886"]
[PlyCount "52"]
[EventDate "2010.04.30"]

1. Nf3 d5 2. g3 Bg4 3. Bg2 Nd7 4. d3 e6 5. Bg5 Ngf6 6. Nbd2 h6 7. Bxf6 Qxf6 8.
Rb1 c6 9. O-O Bd6 10. c4 O-O 11. b4 Qe7 12. b5 Rab8 13. bxc6 bxc6 14. Qa4 Nb6
15. Rxb6 Rxb6 16. c5 Bxc5 17. Qxg4 Rfb8 18. Qa4 Qb7 19. Qc2 Bd6 20. Nb3 c5 21.
Nfd2 Qe7 22. e4 a5 23. exd5 a4 24. dxe6 axb3 25. exf7+ Qxf7 26. Nxb3 Kh8
1/2-1/2

[Event "XXXI Moglianoscacchi B"]
[Site "Mogliano Veneto ITA"]
[Date "2010.05.01"]
[Round "2"]
[White "Bortolussi, Francesco"]
[Black "Sotter-Klundt, Gerlinde"]
[Result "1-0"]
[WhiteElo "1634"]
[BlackElo "1813"]
[PlyCount "77"]
[EventDate "2010.04.30"]

1. d4 d5 2. c4 c6 3. Nc3 Nf6 4. Bg5 e6 5. cxd5 exd5 6. Qc2 Be7 7. e3 O-O 8. Bd3
Nbd7 9. Nge2 Re8 10. O-O h6 11. Bh4 Bd6 12. Bg3 Nf8 13. Rfe1 Bxg3 14. Nxg3 Ne6
15. Rad1 Bd7 16. f3 Rc8 17. Nf5 Nf8 18. Nd6 Qc7 19. Nxc8 Qxc8 20. e4 dxe4 21.
fxe4 Be6 22. d5 cxd5 23. exd5 Bg4 24. Rxe8 Qxe8 25. Be2 Qe3+ 26. Kh1 N8d7 27.
Qd2 Qc5 28. h3 Bf5 29. Qf4 Bg6 30. Bf3 Nh5 31. Qd4 Ng3+ 32. Kg1 b6 33. Qxc5
Nxc5 34. Kf2 Nge4+ 35. Nxe4 Bxe4 36. Bxe4 Nxe4+ 37. Kf3 Nf6 38. d6 Nd7 39. Rc1
1-0

[Event "XXXI Moglianoscacchi B"]
[Site "Mogliano Veneto ITA"]
[Date "2010.05.01"]
[Round "2"]
[White "Chiesa, Roberto"]
[Black "Losso, Agostino"]
[Result "1/2-1/2"]
[WhiteElo "1803"]
[BlackElo "1794"]
[PlyCount "80"]
[EventDate "2010.04.30"]

1. d4 Nf6 2. c4 c5 3. e3 d5 4. dxc5 Nc6 5. Nf3 Bg4 6. cxd5 Nxd5 7. Bc4 e6 8.
Nbd2 Bxc5 9. a3 O-O 10. O-O Bxe3 11. Bxd5 Bxd2 12. Bxc6 Bxc1 13. Rxc1 bxc6 14.
Qxd8 Rfxd8 15. Ne5 Be2 16. Rfe1 Bb5 17. Nxc6 Bxc6 18. Rxc6 Rac8 19. Rxc8 Rxc8
20. Rd1 g6 21. Kf1 Rc7 22. Ke2 Kg7 23. b4 Kf6 24. Ke3 Kf5 25. b5 g5 26. Rd4 h5
27. h3 f6 28. g4+ hxg4 29. hxg4+ Kg6 30. a4 f5 31. f3 fxg4 32. fxg4 Kf6 33. Ke4
Ke7 34. a5 Rc5 35. Rb4 Kd7 36. b6 axb6 37. axb6 Kc8 38. b7+ Kb8 39. Kd4 Rd5+
40. Ke4 Rc5 1/2-1/2

[Event "XXXI Moglianoscacchi B"]
[Site "Mogliano Veneto ITA"]
[Date "2010.05.01"]
[Round "2"]
[White "Coppo, Gianni"]
[Black "Fracasso Pezzolato, Michele"]
[Result "1-0"]
[WhiteElo "1698"]
[BlackElo "1779"]
[PlyCount "57"]
[EventDate "2010.04.30"]

1. e4 c5 2. Nf3 d6 3. d4 cxd4 4. Nxd4 Nf6 5. Nc3 a6 6. Bg5 e6 7. f4 Be7 8. Qf3
Qc7 9. O-O-O Nbd7 10. g4 b5 11. Bxf6 Bxf6 12. Bxb5 O-O 13. Be2 Bb7 14. g5 Be7
15. Rhg1 Nc5 16. f5 Rac8 17. f6 Bd8 18. fxg7 Re8 19. Bd3 Nxd3+ 20. Rxd3 Kxg7
21. Qh5 Qc5 22. Rg4 Ba5 23. Qh6+ Kg8 24. Rh4 Qe5 25. Qxh7+ Kf8 26. g6 Ke7 27.
Qxf7+ Kd8 28. Nf3 Qc5 29. Qxb7 1-0

[Event "XXXI Moglianoscacchi B"]
[Site "Mogliano Veneto ITA"]
[Date "2010.05.01"]
[Round "2"]
[White "Cuppone, Fiorinto"]
[Black "Niespoli, Carlo"]
[Result "0-1"]
[WhiteElo "1619"]
[BlackElo "1615"]
[PlyCount "61"]
[EventDate "2010.04.30"]

1. e4 e5 2. Nf3 Nc6 3. Bb5 Nf6 4. d4 exd4 5. O-O a6 6. Ba4 b5 7. e5 Nd5 8. Bb3
Nb6 9. Ng5 Nc4 10. Bxc4 bxc4 11. Bf4 Be7 12. Ne4 O-O 13. Nbd2 d5 14. exd6 cxd6
15. Qh5 d5 16. Ng5 Bf5 17. Rac1 Bg6 18. Qg4 Nb4 19. c3 Nd3 20. Ngf3 Nxc1 21.
Rxc1 dxc3 22. bxc3 Bf6 23. h4 h5 24. Qg3 Qd7 25. Ne5 Bxe5 26. Bxe5 Qg4 27. Nf1
Qxg3 28. Bxg3 Rfe8 29. Ne3 Rad8 30. Kf1 Bd3+ 31. Ke1 0-1

[Event "XXXI Moglianoscacchi B"]
[Site "Mogliano Veneto ITA"]
[Date "2010.05.01"]
[Round "2"]
[White "Franceschini, Corrado"]
[Black "Della Sala, Bruno"]
[Result "1-0"]
[WhiteElo "1817"]
[BlackElo "1740"]
[PlyCount "95"]
[EventDate "2010.04.30"]

1. e4 e5 2. Nf3 Nc6 3. Bb5 a6 4. Bxc6 dxc6 5. O-O Qd6 6. d4 exd4 7. Qxd4 Bg4 8.
Qe5+ Ne7 9. Nbd2 O-O-O 10. Qc3 Ng6 11. h3 Nf4 12. Qe3 Bxh3 13. Nc4 Qb4 14. Qxf4
Bxg2 15. Kxg2 Qxc4 16. Be3 g5 17. Qf5+ Qe6 18. Qxe6+ fxe6 19. Bxg5 Rg8 20. Kh3
Rd7 21. Rad1 Rxd1 22. Rxd1 Bc5 23. Rd2 h6 24. Bh4 b5 25. c3 a5 26. Ne5 Kb7 27.
Bg3 Bd6 28. Nf7 Bxg3 29. fxg3 Rg7 30. Ne5 Kb6 31. Rd7 Rg5 32. Nf3 b4 33. cxb4
Rh5+ 34. Kg2 axb4 35. e5 c5 36. g4 Rg5 37. Nxg5 hxg5 38. Kf3 Kc6 39. Rd8 c4 40.
Ke4 Kc5 41. b3 c3 42. Kd3 Kc6 43. Rd4 Kc5 44. Rc4+ Kd5 45. Rxb4 Kxe5 46. Kxc3
c5 47. Rc4 Kd5 48. a4 1-0

[Event "XXXI Moglianoscacchi B"]
[Site "Mogliano Veneto ITA"]
[Date "2010.05.01"]
[Round "2"]
[White "Gennari, Jacopo"]
[Black "Pompili, Alberto"]
[Result "1/2-1/2"]
[WhiteElo "1724"]
[BlackElo "1849"]
[PlyCount "50"]
[EventDate "2010.04.30"]

1. d4 e6 2. c4 d5 3. Nf3 Nf6 4. Bg5 Be7 5. Nc3 c6 6. e3 Nbd7 7. Bd3 Qc7 8. O-O
O-O 9. Rb1 Bd6 10. c5 Be7 11. Bf4 Qd8 12. b4 Nh5 13. Ne2 Nxf4 14. Nxf4 Qc7 15.
Qc2 h6 16. a4 e5 17. dxe5 Nxe5 18. Nd4 Nxd3 19. Nxd3 Bf6 20. Rfe1 Bd7 21. Qd2
Rfe8 22. Nf4 Be5 23. g3 Bxd4 24. exd4 Rad8 25. Rxe8+ Rxe8 1/2-1/2

[Event "XXXI Moglianoscacchi B"]
[Site "Mogliano Veneto ITA"]
[Date "2010.05.01"]
[Round "2"]
[White "Guarnieri, Matteo"]
[Black "Bortolotto, Denzio"]
[Result "0-1"]
[WhiteElo "1700"]
[BlackElo "1725"]
[PlyCount "62"]
[EventDate "2010.04.30"]

1. e4 c5 2. Nf3 d6 3. d4 cxd4 4. Nxd4 Nf6 5. Nc3 a6 6. Be3 e5 7. Nde2 Be7 8.
Ng3 Ng4 9. Bc4 Nxe3 10. fxe3 O-O 11. Bb3 Be6 12. Nd5 Qa5+ 13. c3 Bg5 14. O-O
Nc6 15. Qh5 Qd8 16. Kh1 Na5 17. Bc2 Nc4 18. Rfe1 g6 19. Qe2 Bxd5 20. exd5 Nxe3
21. Bb3 f5 22. Qd3 Ng4 23. Rf1 Qb6 24. Qe2 Bf4 25. Rae1 Bxg3 26. hxg3 Qd8 27.
Qd2 f4 28. Bd1 Ne3 29. Rf3 Nxd1 30. Qxd1 fxg3 31. Ref1 Qh4+ 0-1

[Event "XXXI Moglianoscacchi B"]
[Site "Mogliano Veneto ITA"]
[Date "2010.05.01"]
[Round "2"]
[White "Lucich, Gianni"]
[Black "Mihalcea, Vasile"]
[Result "0-1"]
[WhiteElo "1496"]
[BlackElo "1751"]
[PlyCount "34"]
[EventDate "2010.04.30"]

1. d4 Nf6 2. c4 g6 3. Nc3 d5 4. cxd5 Nxd5 5. e4 Nb6 6. Be3 Bg7 7. Qd2 e6 8. Nf3
c6 9. Be2 N6d7 10. e5 O-O 11. h4 Qc7 12. h5 Rd8 13. hxg6 Nxe5 14. gxh7+ Kf8 15.
Nxe5 Bxe5 16. O-O-O f5 17. Qc2 17... Bf6 {...} 0-1

[Event "XXXI Moglianoscacchi B"]
[Site "Mogliano Veneto ITA"]
[Date "2010.05.01"]
[Round "2"]
[White "Maddaloni, Giovanni"]
[Black "Ballarin, Gabriele"]
[Result "1/2-1/2"]
[WhiteElo "1776"]
[BlackElo "1794"]
[PlyCount "60"]
[EventDate "2010.04.30"]

1. e4 d6 2. d4 Nf6 3. Nc3 e5 4. Nf3 Nbd7 5. Be2 Be7 6. O-O c6 7. a4 b6 8. h3
O-O 9. Be3 Qc7 10. Qd2 Rd8 11. Rfe1 Nf8 12. d5 cxd5 13. exd5 Bb7 14. Nb5 Qb8
15. c4 Rc8 16. Bf1 N8d7 17. b4 a5 18. bxa5 bxa5 19. Bd4 Nc5 20. Bxc5 Rxc5 21.
Nfd4 Qd8 22. Qe3 Nxd5 23. cxd5 Bg5 24. Qg3 exd4 25. Nxd6 Rxd5 26. Re8+ Qxe8 27.
Nxe8 Rxe8 28. Qc7 Ba8 29. Bc4 Bd8 30. Qf4 Bg5 1/2-1/2

[Event "XXXI Moglianoscacchi B"]
[Site "Mogliano Veneto ITA"]
[Date "2010.05.01"]
[Round "2"]
[White "Mumelter, Igor"]
[Black "Faini, Ivano"]
[Result "1-0"]
[WhiteElo "1856"]
[BlackElo "1703"]
[PlyCount "103"]
[EventDate "2010.04.30"]

1. e4 d5 2. exd5 Qxd5 3. Nc3 Qa5 4. d4 c6 5. Nf3 Nf6 6. Bc4 Bf5 7. Ne5 e6 8. g4
Bg6 9. Bd3 Bxd3 10. Nxd3 Nbd7 11. Bd2 Qb6 12. Be3 Qc7 13. Qf3 Bb4 14. Nxb4 a5
15. Nd3 b5 16. Nxb5 Qb6 17. Nd6+ Ke7 18. Nxf7 Kxf7 19. g5 Ke7 20. gxf6+ gxf6
21. d5 c5 22. dxe6 Kxe6 23. Qe4+ Ne5 24. f4 Qc6 25. fxe5 Qxe4 26. Nxc5+ Kxe5
27. Nxe4 Kxe4 28. Bd2 a4 29. O-O-O a3 30. Rhe1+ Kf3 31. Re3+ Kf2 32. Rxa3 Rxa3
33. bxa3 Kg2 34. Bf4 Kf3 35. Bg3 f5 36. Rf1+ Ke4 37. Rf4+ Ke5 38. Kb2 h5 39. c3
Ke6 40. Kb3 Rc8 41. a4 Rg8 42. Rh4 Rh8 43. Kb4 Kd5 44. c4+ Kc6 45. c5 Rh7 46.
Bd6 Rb7+ 47. Kc3 Rh7 48. Rb4 Ra7 49. Kc4 Rg7 50. Rb6+ Kd7 51. Rb7+ Kc8 52. Rxg7
1-0

[Event "XXXI Moglianoscacchi B"]
[Site "Mogliano Veneto ITA"]
[Date "2010.05.01"]
[Round "2"]
[White "Negro, Raffaele"]
[Black "Campagnola, Giacomo"]
[Result "0-1"]
[WhiteElo "1865"]
[BlackElo "1868"]
[PlyCount "84"]
[EventDate "2010.04.30"]

1. d4 Nf6 2. Nf3 g6 3. Nc3 Bg7 4. e4 d6 5. Be3 O-O 6. Qd2 Re8 7. Bh6 Bh8 8. h3
c6 9. Bc4 d5 10. Bd3 dxe4 11. Nxe4 Be6 12. Neg5 Bd5 13. c4 Bxf3 14. Nxf3 Nbd7
15. O-O e5 16. dxe5 Nxe5 17. Nxe5 Rxe5 18. Rad1 Qe7 19. Bf4 Re6 20. Rfe1 Re8
21. Rxe6 Qxe6 22. Kf1 Ne4 23. Qc2 Nc5 24. b4 Nxd3 25. Qxd3 Bc3 26. Kg1 Bxb4 27.
Rb1 Bc5 28. Be3 Bxe3 29. Qxe3 b6 30. Re1 Qxe3 31. Rxe3 Rxe3 32. fxe3 Kg7 33.
Kf2 Kf6 34. Ke2 Kf5 35. Kd3 Ke5 36. e4 f6 37. g3 h6 38. a3 a6 39. Ke3 b5 40.
Kd3 a5 41. c5 b4 42. axb4 axb4 0-1

[Event "XXXI Moglianoscacchi B"]
[Site "Mogliano Veneto ITA"]
[Date "2010.05.01"]
[Round "2"]
[White "Pasqualetto, Lorenzo"]
[Black "Pelyushenko, Vladyslav"]
[Result "1-0"]
[WhiteElo "1651"]
[BlackElo "1791"]
[PlyCount "44"]
[EventDate "2010.04.30"]

1. e4 d6 2. d4 Nf6 3. Nc3 g6 4. f4 Bg7 5. Nf3 Nc6 6. Be3 O-O 7. h3 a6 8. Qd2 b5
9. Bd3 Bb7 10. O-O-O Na5 11. e5 Ne8 12. h4 Nc4 13. Bxc4 bxc4 14. h5 e6 15. hxg6
fxg6 16. Ng5 Qd7 17. Rxh7 dxe5 18. dxe5 Qxd2+ 19. Rxd2 Bc8 20. Nce4 Rb8 21. c3
Bh8 22. Bc5 Rf5 1-0

[Event "XXXI Moglianoscacchi B"]
[Site "Mogliano Veneto ITA"]
[Date "2010.05.01"]
[Round "2"]
[White "Pavanello, Roberto"]
[Black "Zamengo, Fulvio"]
[Result "1/2-1/2"]
[WhiteElo "1837"]
[BlackElo "1907"]
[PlyCount "96"]
[EventDate "2010.04.30"]

1. e4 e6 2. d4 d5 3. Nc3 Bb4 4. Bd3 Ne7 5. Nf3 c5 6. exd5 exd5 7. O-O Nbc6 8.
dxc5 Bxc5 9. h3 O-O 10. Bg5 f6 11. Bf4 Be6 12. Qe2 Bf7 13. Rad1 Re8 14. Qd2 Qd7
15. Na4 Bb4 16. c3 Bd6 17. Bxd6 Qxd6 18. c4 d4 19. Nc3 Rad8 20. Ne4 Qc7 21. a3
Ne5 22. Nxe5 fxe5 23. Qg5 Ng6 24. c5 Qe7 25. Qg3 Nf4 26. Nd6 Rxd6 27. cxd6 Qxd6
28. Rfe1 Nxd3 29. Qxd3 Bg6 30. Qc4+ Bf7 31. Qd3 g5 32. Qg3 Qf6 33. h4 h6 34.
hxg5 hxg5 35. Re4 Bg6 36. Rg4 Kg7 37. Rxg5 Re7 38. Rd3 e4 39. Rxd4 Qxd4 40.
Rxg6+ Kf7 41. Qg4 Qe5 42. Rg5 Qxb2 43. Qf5+ Qf6 44. Qh7+ Ke8 45. Qg8+ Qf8 46.
Qd5 Rf7 47. Qxe4+ Kd8 48. Qg4 Qxa3 1/2-1/2

[Event "XXXI Moglianoscacchi B"]
[Site "Mogliano Veneto ITA"]
[Date "2010.05.01"]
[Round "2"]
[White "Perissotto, Mario"]
[Black "Aprile, Martino"]
[Result "0-1"]
[WhiteElo "1676"]
[BlackElo "1841"]
[PlyCount "88"]
[EventDate "2010.04.30"]

1. e4 c5 2. Nf3 d6 3. d4 cxd4 4. Nxd4 Nf6 5. Nc3 g6 6. Bg5 Bg7 7. Qd2 Nc6 8.
Bb5 Bd7 9. Nxc6 Bxc6 10. Bxc6+ bxc6 11. O-O O-O 12. Bh6 Rb8 13. Bxg7 Kxg7 14.
b3 Qa5 15. Rad1 Rfd8 16. Rfe1 Re8 17. Re3 Rbd8 18. Rd3 Qe5 19. f4 Qc5+ 20. Kh1
Ng4 21. Rf1 e5 22. f5 Rd7 23. Na4 Qb5 24. c4 Qb8 25. fxg6 fxg6 26. Qg5 Nh6 27.
Qf6+ Kg8 28. Nc5 Rf7 29. Qxf7+ Nxf7 30. Nd7 Qd8 31. Nf6+ Kg7 32. Nxe8+ Qxe8 33.
Rdf3 Ng5 34. Rf8 Qxf8 35. Rxf8 Kxf8 36. Kg1 Nxe4 37. Kf1 Nc3 38. a4 Ke7 39. Ke1
Na2 40. Kd2 a5 41. Kd3 Ke6 42. Kc2 d5 43. cxd5+ cxd5 44. Kd3 Kd6 0-1

[Event "XXXI Moglianoscacchi B"]
[Site "Mogliano Veneto ITA"]
[Date "2010.05.01"]
[Round "2"]
[White "Pisani, Valerio"]
[Black "Boraso, Alessio"]
[Result "0-1"]
[WhiteElo "1777"]
[BlackElo "1859"]
[PlyCount "66"]
[EventDate "2010.04.30"]

1. e4 e6 2. Nf3 d5 3. exd5 exd5 4. d4 Bd6 5. Bd3 Nf6 6. h3 O-O 7. O-O Nbd7 8.
Nc3 c6 9. Be3 Re8 10. Re1 Nf8 11. Qd2 Ne6 12. Ne5 Qc7 13. f4 Nd7 14. f5 Nef8
15. Ng4 Bg3 16. Rf1 h5 17. Nf2 Nf6 18. Nh1 Bh2+ 19. Kf2 h4 20. Bg5 N8h7 21.
Bxh4 Bf4 22. Bg3 Bxd2 23. Bxc7 Be3+ 24. Kf3 Ng5+ 25. Kg3 Bxd4 26. Rae1 Bd7 27.
Kh2 Bxc3 28. bxc3 Nge4 29. Bxe4 Nxe4 30. Re3 Nd2 31. Rxe8+ Rxe8 32. Ng3 Nxf1+
33. Nxf1 Bxf5 0-1

[Event "XXXI Moglianoscacchi B"]
[Site "Mogliano Veneto ITA"]
[Date "2010.05.01"]
[Round "2"]
[White "Pozzobon, Davide"]
[Black "Gioga, Michele"]
[Result "1-0"]
[WhiteElo "1770"]
[BlackElo "1676"]
[PlyCount "83"]
[EventDate "2010.04.30"]

1. e4 d5 2. exd5 Qxd5 3. Nc3 Qe5+ 4. Be2 c6 5. Nf3 Qc7 6. d4 Bf5 7. Bg5 h6 8.
Bh4 e6 9. Ne5 Nd7 10. f4 Ngf6 11. Bd3 Bxd3 12. Qxd3 Be7 13. O-O-O Nxe5 14. fxe5
Nd5 15. Nxd5 cxd5 16. Bxe7 Kxe7 17. Rhf1 Rac8 18. c3 Qa5 19. Qf3 Rhf8 20. Kb1
b5 21. Rd3 b4 22. Rc1 Rc4 23. Qg3 Rg8 24. Rf3 bxc3 25. Rfxc3 Rxc3 26. Qxc3 Qxc3
27. Rxc3 Rd8 28. Kc2 f6 29. exf6+ gxf6 30. Rc7+ Rd7 31. Rxd7+ Kxd7 32. b4 Kc6
33. a4 a6 34. g4 e5 35. dxe5 fxe5 36. Kd3 e4+ 37. Kd4 Kd6 38. h4 Ke6 39. b5
axb5 40. axb5 Kd6 41. g5 hxg5 42. hxg5 1-0

[Event "XXXI Moglianoscacchi B"]
[Site "Mogliano Veneto ITA"]
[Date "2010.05.01"]
[Round "2"]
[White "Reginato, Lino"]
[Black "Reginato, Mauro"]
[Result "0-1"]
[WhiteElo "1748"]
[BlackElo "1904"]
[PlyCount "101"]
[EventDate "2010.04.30"]

1. d4 d5 2. Nf3 Bg4 3. e3 c6 4. c4 e6 5. Nc3 Nf6 6. b3 Bd6 7. Be2 Nbd7 8. O-O
Rc8 9. Nd2 Bf5 10. Bf3 O-O 11. e4 dxe4 12. Ndxe4 Bb8 13. h3 Qc7 14. Ng3 e5 15.
Re1 Rfe8 16. Nce2 e4 17. Bf4 Qd8 18. Bxb8 exf3 19. Nf4 Bxh3 20. gxh3 Rxb8 21.
Qxf3 Qa5 22. Re2 Rxe2 23. Nfxe2 Re8 24. Nc3 Qg5 25. Rd1 Nf8 26. d5 Ng6 27. Qf5
Qxf5 28. Nxf5 cxd5 29. cxd5 Rd8 30. d6 Nf4 31. Kh2 Ne8 32. Ne4 g6 33. d7 Nc7
34. Ne7+ Kf8 35. Nc8 Ncd5 36. Nxa7 Rxd7 37. Nc5 Re7 38. Rd2 b6 39. Nc8 Rc7 40.
Nxb6 Nxb6 41. b4 Nbd5 42. Rd4 Re7 43. Kh1 Re2 44. a4 Rxf2 45. a5 Ne7 46. a6 Nf5
47. Rxf4 Rxf4 48. b5 Nd4 49. a7 Rf1+ 50. Kg2 Ra1 51. Na4 0-1